Statistics for Crowd-Sourced General Knowledge #11

Click here to take the quiz!

General Stats

  • This quiz has been taken 25,387 times
  • The average score is 13 of 20

Answer Stats

QuestionAnswer% Correct
What country borders both India and Iran?Pakistan
87%
What speedy superhero has a red suit with a lightning bolt on it?The Flash
84%
Which African city has a name meaning "white house" in Spanish?Casablanca
80%
Who directed "Schindler's List"?Steven Spielberg
78%
What social media company has a ghost as its mascot?Snapchat
76%
What is the most populous city in Switzerland?Zürich
73%
What singer has named her four albums based on the age she was at the time
they were recorded?
Adele
71%
Outside of North America, many people use a CV instead of a resumé.
What does CV stand for?
{Curriculum} vitae
68%
What are known to Argentinians as "Las Islas Malvinas"?The {Falkland} Islands
65%
What type of animal is Pumbaa in the film "The Lion King"?Warthog
63%
Which Australian state is the furthest south?Tasmania
62%
What river has a two-letter name and flows through the city of Turin?Po
60%
What part of the body concentrates and stores bile?Gallbladder
58%
What field has been influenced by Maria Montessori?Education
53%
What province didn't become part of Canada until 1949?Newfoundland and
Labrador
53%
What country is home to Kruger National Park?South Africa
53%
What does a filly become when it reaches 4 years of age?A mare
48%
What type of cheese is literally "made" backwards?Edam
48%
What are John Dories and Yellow Tang?Fish
46%
What French author is often called the "Father of Science Fiction"?Jules Verne
36%

Score Distribution

Percentile by Number Answered

Percent of People with Each Score

Your Score History

You have not taken this quiz